[Event "East Devon op"]
[Site "Exeter"]
[Date "2008.03.02"]
[Round "5"]
[White "Gilmour, Andrew J"]
[Black "Stephens, John KF"]
[Result "1/2-1/2"]
[WhiteElo "1848"]
[BlackElo "1864"]
[PlyCount "121"]
[EventDate "2008.02.29"]
[EventType "swiss"]
[EventRounds "5"]
[EventCountry "ENG"]
[SourceTitle "EXT 2009"]
[Source "ChessBase"]
[SourceDate "2008.11.26"]
[SourceVersion "1"]
[SourceVersionDate "2008.11.26"]
[SourceQuality "1"]

1. e4 c5 2. Nf3 d6 3. c3 Nf6 4. h3 Nc6 5. Bd3 g6 6. 0-0 Bg7 7. Re1 0-0 8. Bf1 e5 9. d4 cxd4 10. cxd4 Nxd4 11. Nxd4 exd4 12. Qxd4 Re8 13. Bg5 h6 14. Bxf6 Bxf6 15. Qd2 d5 16. Nc3 dxe4 17. Qxd8 Rxd8 18. Rxe4 Bf5 19. Rb4 b6 20. g4 Be6 21. Ne4 Be7 22. Rb5 Rac8 23. a4 Rc2 24. a5 bxa5 25. Rbxa5 Rxb2 26. Rxa7 Bh4 27. Ra8 Rxa8 28. Rxa8+ Kg7 29. Ra1 Bd5 30. Ng3 Be7 31. Rc1 Ba3 32. Rc3 Bb4 33. Rc1 Bd2 34. Ra1 Bc3 35. Rd1 Bb3 36. Rd3 Be1 37. Be2 Ba5 38. Kg2 Bc7 39. Re3 Bf4 40. Re8 Ba4 41. Re7 Bd6 42. Ra7 Bc6+ 43. Bf3 Bxf3+ 44. Kxf3 Bc5 45. Rc7 Rxf2+ 46. Ke4 Bd6 47. Rc3 Rg2 48. Nf1 Bb4 49. Rb3 Bc5 50. Kd5 Rg1 51. Ng3 Bf2 52. Ne4 Rd1+ 53. Ke5 Bd4+ 54. Kf4 g5+ 55. Kf3 Rh1 56. Kg2 Rg1+ 57. Kh2 Rc1 58. Rb5 Rc2+ 59. Kh1 Re2 60. Ng3 Re1+ 61. Kg2 1/2-1/2

[Event "BCF-chT4 0708 (4NCL)"]
[Site "England"]
[Date "2007.11.24"]
[Round "3.5"]
[White "Gilmour, Andrew J"]
[Black "Gibbs, Daniel C"]
[Result "1/2-1/2"]
[WhiteElo "2030"]
[BlackElo "1990"]
[PlyCount "48"]
[EventDate "2007.09.15"]
[EventType "team-swiss"]
[EventRounds "11"]
[EventCountry "ENG"]
[SourceTitle "EXT 2009"]
[Source "ChessBase"]
[SourceDate "2008.11.26"]
[SourceVersion "1"]
[SourceVersionDate "2008.11.26"]
[SourceQuality "1"]
[WhiteTeam "Gloucestershire. Gambits"]
[BlackTeam "Guildford IV"]
[WhiteTeamCountry "ENG"]
[BlackTeamCountry "ENG"]

1. e4 g6 2. d4 Bg7 3. Nc3 d6 4. Be3 a6 5. Qd2 Nd7 6. Bd3 b5 7. Nge2 Bb7 8. a4 b4 9. Nd1 Rb8 10. f4 c5 11. Nf2 cxd4 12. Bxd4 Bxd4 13. Nxd4 e5 14. Nf3 exf4 15. 0-0 g5 16. Qxb4 Ne5 17. Rad1 Nxf3+ 18. gxf3 Nf6 19. Bc4 Bd5 20. Bb5+ axb5 21. exd5 bxa4 22. Qxa4+ Kf8 23. Qd4 Kg7 24. b3 Qb6 1/2-1/2

[Event "Cotswold op"]
[Site "Cheltenham"]
[Date "2007.05.27"]
[Round "3"]
[White "Timmins, Chris P"]
[Black "Gilmour, Andrew J"]
[Result "1/2-1/2"]
[WhiteElo "1968"]
[BlackElo "1904"]
[PlyCount "96"]
[EventDate "2007.05.26"]
[EventType "swiss"]
[EventRounds "6"]
[EventCountry "ENG"]
[SourceTitle "EXT 2008"]
[Source "ChessBase"]
[SourceDate "2007.11.25"]
[SourceVersion "1"]
[SourceVersionDate "2007.11.25"]
[SourceQuality "1"]

1. e4 c5 2. Nc3 d6 3. f4 g6 4. Nf3 Bg7 5. Bc4 Nc6 6. 0-0 Nf6 7. d3 Bg4 8. h3 Bxf3 9. Qxf3 0-0 10. a3 Nd7 11. Kh1 Rb8 12. Nd5 b5 13. Ba2 a5 14. Qg3 b4 15. axb4 axb4 16. Bc4 Nd4 17. Qf2 Nb6 18. Nxb6 Qxb6 19. Ra6 Qb7 20. Be3 Ra8 21. Rxa8 Qxa8 22. f5 Kh8 23. h4 gxf5 24. Bd5 Qe8 25. exf5 Nxf5 26. Qxf5 e6 27. Qh5 exd5 28. Bh6 Bxh6 29. Qxh6 Qe7 30. Rf6 Rd8 31. Qf4 Qe1+ 32. Kh2 Qe5 33. Rxf7 Qxf4+ 34. Rxf4 Kg7 35. Rf2 Re8 36. Kg3 Re1 37. Kg4 Rb1 38. b3 Rc1 39. Kf5 Kf7 40. g4 Rh1 41. h5 h6 42. Kf4 Rh3 43. Kf5 Re3 44. Kf4 Re5 45. Kg3+ Kg7 46. Kh4 Re1 47. Rf5 d4 48. Rf2 Re5 1/2-1/2

[Event "Cotswold op"]
[Site "Cheltenham"]
[Date "2007.05.26"]
[Round "1"]
[White "Berry, Stephen"]
[Black "Gilmour, Andrew J"]
[Result "1-0"]
[WhiteElo "2328"]
[BlackElo "1904"]
[PlyCount "93"]
[EventDate "2007.05.26"]
[EventType "swiss"]
[EventRounds "6"]
[EventCountry "ENG"]
[SourceTitle "EXT 2008"]
[Source "ChessBase"]
[SourceDate "2007.11.25"]
[SourceVersion "1"]
[SourceVersionDate "2007.11.25"]
[SourceQuality "1"]

1. e4 c5 2. Nf3 d6 3. Bc4 Nf6 4. d3 Nc6 5. c3 d5 6. exd5 Nxd5 7. 0-0 e6 8. d4 cxd4 9. cxd4 Be7 10. Nc3 0-0 11. Re1 Nf6 12. a3 a6 13. Bg5 b5 14. Ba2 b4 15. Ne2 Bd7 16. Ne5 Be8 17. Nxc6 Bxc6 18. Nf4 bxa3 19. bxa3 Bd7 20. d5 Nxd5 21. Bxd5 Bxg5 22. Bxa8 Qxa8 23. Qxd7 Bxf4 24. Qa4 Qb8 25. g3 Be5 26. Rab1 Qd6 27. Rbd1 Qc5 28. Qxa6 Bd4 29. Re2 Rd8 30. Kg2 Qd5+ 31. f3 e5 32. a4 h6 33. Qb5 Qa8 34. Rb1 Kh7 35. a5 Rd5 36. Qd3+ g6 37. Rb5 Rd8 38. Qb3 Rd7 39. Qa4 Ra7 40. Qb3 Kg7 41. Qb4 g5 42. Rb8 Qd5 43. Qf8+ Kg6 44. Qg8+ Kh5 45. Re4 Qa2+ 46. Kh3 f5 47. g4+ 1-0

[Event "BCF-chT4 0607 (4NCL)"]
[Site "Sunningdale"]
[Date "2007.03.24"]
[Round "7.85"]
[White "Winchcombe, Andrew W"]
[Black "Gilmour, Andrew J"]
[Result "1/2-1/2"]
[WhiteElo "1895"]
[BlackElo "2065"]
[PlyCount "47"]
[EventDate "2006.09.16"]
[EventType "team"]
[EventRounds "11"]
[EventCountry "ENG"]
[SourceTitle "EXT 2008"]
[Source "ChessBase"]
[SourceDate "2007.11.25"]
[SourceVersion "1"]
[SourceVersionDate "2007.11.25"]
[SourceQuality "1"]
[WhiteTeam "Conquistadors"]
[BlackTeam "Gloucestershire Gambits"]
[WhiteTeamCountry "ENG"]
[BlackTeamCountry "ENG"]

1. e4 c5 2. Nf3 d6 3. d4 cxd4 4. Nxd4 Nf6 5. Nc3 g6 6. Be3 Bg7 7. f3 Nc6 8. Bb5 Bd7 9. 0-0 0-0 10. Qd2 a6 11. Ba4 Rc8 12. Bb3 Na5 13. Rad1 Nc4 14. Bxc4 Rxc4 15. Nb3 Qc7 16. Rfe1 Rc8 17. Bd4 Be6 18. Qe3 Rc6 19. e5 dxe5 20. Bxe5 Qb6 21. Bd4 Qc7 22. Be5 Qb6 23. Bd4 Qc7 24. Be5 1/2-1/2

[Event "East Devon op"]
[Site "Exeter"]
[Date "2007.02.25"]
[Round "5"]
[White "Aston, Philip A"]
[Black "Gilmour, Andrew J"]
[Result "0-1"]
[WhiteElo "1384"]
[BlackElo "1904"]
[PlyCount "120"]
[EventDate "2007.02.23"]
[EventType "swiss"]
[EventRounds "5"]
[EventCountry "ENG"]
[SourceTitle "CBM 117 Extra"]
[Source "ChessBase"]
[SourceDate "2007.05.09"]
[SourceVersion "1"]
[SourceVersionDate "2007.05.09"]
[SourceQuality "1"]

1. e4 c5 2. Nc3 d6 3. g3 Nc6 4. Bg2 g6 5. d3 Bg7 6. Nge2 Rb8 7. Nd5 e6 8. Ne3 Nge7 9. 0-0 0-0 10. f4 f5 11. c3 b6 12. d4 Ba6 13. d5 exd5 14. exd5 Na5 15. h3 Qd7 16. Rf2 Rbe8 17. Kh2 Bxe2 18. Rxe2 Kh8 19. Bd2 Ng8 20. Qc2 Rf7 21. c4 Rfe7 22. a4 Nf6 23. Rae1 Ne4 24. Bxa5 bxa5 25. Nd1 Bd4 26. b3 Kg8 27. Bxe4 Rxe4 28. Rxe4 fxe4 29. Rxe4 Kf7 30. Qe2 Rxe4 31. Qxe4 Qf5 32. Qxf5+ gxf5 33. g4 Kg6 34. Kg3 h5 35. gxf5+ Kxf5 36. Kf3 Kf6 37. Ne3 Kg6 38. Ke4 Bg7 39. Nc2 Bc3 40. Na3 a6 41. Nc2 Bg7 42. Ne3 Bf8 43. Nf5 Kf6 44. Ng3 Kg6 45. Kf3 Be7 46. Ke4 Bf8 47. Nxh5 Kxh5 48. Kf5 Bh6 49. Ke6 Bxf4 50. Kd7 Kg6 51. Kc6 Kf6 52. Kb6 Bd2 53. Kxa6 Ke7 54. h4 Kd7 55. h5 Kc7 56. h6 Bxh6 57. Kxa5 Kb7 58. Kb5 Bd2 59. a5 Bc3 60. a6+ Kc7 0-1

[Event "East Devon op"]
[Site "Exeter"]
[Date "2007.02.24"]
[Round "3"]
[White "Ozanne, Mark S"]
[Black "Gilmour, Andrew J"]
[Result "1/2-1/2"]
[WhiteElo "1840"]
[BlackElo "1904"]
[PlyCount "82"]
[EventDate "2007.02.23"]
[EventType "swiss"]
[EventRounds "5"]
[EventCountry "ENG"]
[SourceTitle "CBM 117 Extra"]
[Source "ChessBase"]
[SourceDate "2007.05.09"]
[SourceVersion "1"]
[SourceVersionDate "2007.05.09"]
[SourceQuality "1"]

1. e4 c5 2. Nf3 d6 3. d4 cxd4 4. Nxd4 Nf6 5. Nc3 g6 6. Be3 Bg7 7. f3 Nc6 8. Bc4 0-0 9. Qe2 Na5 10. Bd3 a6 11. 0-0 e5 12. Nb3 Nxb3 13. axb3 d5 14. Nxd5 Nxd5 15. exd5 Qxd5 16. Rfd1 Qc6 17. Be4 Qc7 18. Qf2 Be6 19. Bb6 Qc8 20. Ra5 f5 21. Rc5 Qb8 22. Bd5 Bxd5 23. Rcxd5 Bf6 24. Qd2 Rf7 25. Qa5 Qe8 26. Bd8 Kg7 27. Bxf6+ Kxf6 28. Rd6+ Kg7 29. Qd5 Re7 30. Rd7 Rxd7 31. Qxd7+ Qxd7 32. Rxd7+ Kh6 33. Rxb7 Rd8 34. c4 Rd2 35. c5 Rc2 36. b4 Rxb2 37. c6 Rc2 38. Rb6 Rc4 39. Rxa6 Rxb4 40. Kf2 Rc4 41. Ra5 Rxc6 1/2-1/2

[Event "Torquay op"]
[Site "Torquay"]
[Date "2006.11.24"]
[Round "1"]
[White "Helbig, Paul"]
[Black "Gilmour, Andrew J"]
[Result "0-1"]
[WhiteElo "2040"]
[BlackElo "1904"]
[PlyCount "52"]
[EventDate "2006.11.24"]
[EventType "swiss"]
[EventRounds "5"]
[EventCountry "ENG"]
[SourceTitle "EXT 2008"]
[Source "ChessBase"]
[SourceDate "2007.11.25"]
[SourceVersion "1"]
[SourceVersionDate "2007.11.25"]
[SourceQuality "1"]

1. e4 c5 2. Nc3 g6 3. g3 Bg7 4. d3 Nc6 5. Be3 d6 6. Qd2 Rb8 7. Bg2 b5 8. f4 b4 9. Nd1 Bg4 10. Nf3 Nf6 11. 0-0 0-0 12. Nh4 Bxd1 13. Qxd1 Ne8 14. Rb1 Qa5 15. f5 Qxa2 16. b3 Nc7 17. Rf2 Qa5 18. Qd2 Ne5 19. Bh3 Nb5 20. Bh6 Nd4 21. Rbf1 Qc7 22. fxg6 fxg6 23. Qg5 Rxf2 24. Rxf2 Rf8 25. Bxg7 Kxg7 26. Nf5+ Rxf5 0-1

[Event "East Devon op"]
[Site "Exeter"]
[Date "2006.03.03"]
[Round "1"]
[White "Gilmour, Andrew J"]
[Black "Knee, Jeremy PG"]
[Result "1/2-1/2"]
[WhiteElo "1904"]
[BlackElo "1768"]
[PlyCount "28"]
[EventDate "2006.03.03"]
[EventType "swiss"]
[EventRounds "5"]
[EventCountry "ENG"]
[SourceTitle "EXT 2007"]
[Source "ChessBase"]
[SourceDate "2006.11.23"]
[SourceVersion "1"]
[SourceVersionDate "2006.11.23"]
[SourceQuality "1"]

1. Nc3 e5 2. e4 Bb4 3. f4 exf4 4. Nf3 g5 5. Bc4 g4 6. 0-0 gxf3 7. Bxf7+ Kxf7 8. Qxf3 Bc5+ 9. Kh1 d6 10. Qh5+ Ke7 11. Qg5+ Kd7 12. Qf5+ Kc6 13. Qd5+ Kd7 14. Qf5+ Kc6 1/2-1/2

[Event "BCF-chT4 0506 (4NCL)"]
[Site "West Bromwich"]
[Date "2005.11.06"]
[Round "2.4"]
[White "Gilmour, Andrew J"]
[Black "Tomboline, David"]
[Result "0-1"]
[WhiteElo "2065"]
[BlackElo "1985"]
[PlyCount "96"]
[EventDate "2005.11.05"]
[EventType "team"]
[EventRounds "11"]
[EventCountry "ENG"]
[SourceTitle "CBM 109 Extra"]
[Source "ChessBase"]
[SourceDate "2006.01.03"]
[SourceVersion "2"]
[SourceVersionDate "2006.01.03"]
[SourceQuality "1"]
[WhiteTeam "Gloucestershire Gambits"]
[BlackTeam "Brown Jack"]
[WhiteTeamCountry "ENG"]
[BlackTeamCountry "ENG"]

1. e4 e6 2. d4 d5 3. Nd2 dxe4 4. Nxe4 Bd7 5. Nf3 Bc6 6. Bd3 Nd7 7. 0-0 Be7 8. c4 Ngf6 9. Ng3 Bxf3 10. Qxf3 c6 11. Bf4 0-0 12. Rfd1 a5 13. Rac1 Qb6 14. Rc2 a4 15. Re2 Rfe8 16. h3 Rad8 17. Bc2 Qa6 18. Qc3 Ra8 19. Be5 b5 20. b3 axb3 21. axb3 bxc4 22. bxc4 Qa3 23. Qd2 Red8 24. Qf4 Nxe5 25. dxe5 Rxd1+ 26. Bxd1 Nd7 27. Bc2 Nf8 28. Qe4 Qc5 29. Kh2 Bd8 30. Nf1 Bb6 31. Ne3 Ra3 32. Bd3 Ng6 33. Nc2 Ra2 34. h4 Bc7 35. f4 Bb6 36. h5 Nf8 37. Kg3 Rb2 38. Kf3 Rb1 39. Ne3 Rb3 40. Ra2 Qb4 41. Ra8 g6 42. Ng4 Qd2 43. Nf6+ Kg7 44. h6+ Kxh6 45. Rxf8 Rxd3+ 46. Qxd3 Qxd3+ 47. Kg4 Bf2 48. Rxf7 Qg3# 0-1

[Event "BCF-chT4 0506 (4NCL)"]
[Site "West Bromwich"]
[Date "2005.11.05"]
[Round "1.4"]
[White "Zhang, Marco"]
[Black "Gilmour, Andrew J"]
[Result "1/2-1/2"]
[WhiteElo "1915"]
[BlackElo "2065"]
[PlyCount "77"]
[EventDate "2005.11.05"]
[EventType "team"]
[EventRounds "11"]
[EventCountry "ENG"]
[SourceTitle "CBM 109 Extra"]
[Source "ChessBase"]
[SourceDate "2006.01.03"]
[SourceVersion "2"]
[SourceVersionDate "2006.01.03"]
[SourceQuality "1"]
[WhiteTeam "Oxford III"]
[BlackTeam "Gloucestershire Gambits"]
[WhiteTeamCountry "ENG"]
[BlackTeamCountry "ENG"]

1. e4 c5 2. d4 cxd4 3. c3 Nf6 4. e5 Nd5 5. cxd4 b6 6. Bc4 Bb7 7. a3 e6 8. Ne2 Na6 9. 0-0 Nac7 10. Nbc3 Be7 11. Bd2 0-0 12. Ng3 f5 13. f4 Nxc3 14. bxc3 b5 15. Bb3 Bd5 16. Bxd5 Nxd5 17. Qb3 a6 18. a4 bxa4 19. Qxa4 Nb6 20. Qa2 Qc8 21. Rfb1 Nc4 22. Nf1 Qc6 23. Be1 a5 24. Qe2 a4 25. Nd2 Nxd2 26. Bxd2 Rfc8 27. Qb5 Qxb5 28. Rxb5 Rc7 29. Kf2 Kf7 30. Ke3 Ke8 31. Kd3 Kd8 32. c4 Kc8 33. c5 Rb7 34. Kc4 a3 35. Rxb7 Kxb7 36. Ra2 Bd8 37. Bb4 Kc6 38. Rxa3 Rxa3 39. Bxa3 1/2-1/2

[Event "BCF-chT4a 0405 (4NCL)"]
[Site "Telford"]
[Date "2005.04.16"]
[Round "7.6"]
[White "Purton, Benjamin"]
[Black "Gilmour, Andrew J"]
[Result "1-0"]
[WhiteElo "2085"]
[BlackElo "2075"]
[PlyCount "80"]
[EventDate "2004.11.06"]
[EventType "team"]
[EventRounds "11"]
[EventCountry "ENG"]
[SourceTitle "EXT 2006"]
[Source "ChessBase"]
[SourceDate "2005.11.24"]
[SourceVersion "1"]
[SourceVersionDate "2005.11.24"]
[SourceQuality "1"]
[WhiteTeam "Slough Sharks II"]
[BlackTeam "Gloucestershire Gambits"]
[WhiteTeamCountry "ENG"]
[BlackTeamCountry "ENG"]

1. e4 c5 2. Nf3 d6 3. Bb5+ Nd7 4. c3 Ngf6 5. Qa4 e6 6. 0-0 Be7 7. Re1 0-0 8. d4 a6 9. Bd3 cxd4 10. cxd4 e5 11. Qd1 exd4 12. Nxd4 Ne5 13. Bc2 Re8 14. h3 Qb6 15. Nc3 Bxh3 16. Na4 Qa7 17. Be3 Bg4 18. f3 b5 19. Nxb5 Qb7 20. Nbc3 Be6 21. Nb6 Rab8 22. b3 Red8 23. Ncd5 Bxd5 24. Nxd5 Nxd5 25. exd5 Bf6 26. Be4 Nd7 27. Rc1 Rdc8 28. Rc6 Bc3 29. Re2 Bb4 30. Rec2 Bc5 31. Bxc5 dxc5 32. f4 Nf6 33. Bf3 Rxc6 34. dxc6 Qb6 35. Kh1 Rd8 36. Qg1 Rd4 37. Qxd4 cxd4 38. c7 Ne8 39. c8Q Qh6+ 40. Kg1 Kf8 1-0